Busines objectives

Đã lưu trong:
書目詳細資料
主要作者: VICKI HOLLETT
格式: 圖書
語言:Undetermined
出版: Đà Nẵng Đà Nẵng 2000
主題:
標簽: 添加標簽
沒有標簽, 成為第一個標記此記錄!
Thư viện lưu trữ: Trung tâm Học liệu Trường Đại học Cần Thơ
LEADER 00535nam a2200169Ia 4500
001 CTU_46364
008 210402s9999 xx 000 0 und d
082 |a 428.24 
082 |b H738 
100 |a VICKI HOLLETT 
245 0 |a Busines objectives 
245 0 |c VICKI HOLLETT; Dịch giả: Hồ Văn Hiệp, Nguyễn Văn Công 
260 |a Đà Nẵng 
260 |b Đà Nẵng 
260 |c 2000 
650 |a ênglish language - texbooks for foreign speakers 
980 |a Trung tâm Học liệu Trường Đại học Cần Thơ